« Retourner aux résultats de recherche
p'tites poules et l'oeuf de l'empereur (Les)
| Auteur principal: | Christian Jolibois |
|---|---|
| D'autres auteurs: | Christian Heinrich |
| Support: | Livres |
| Langue: | Francais |
| Publié: |
2019 PKJ Paris |
| Series: |
Les p'tites poules |
| Genre: |
Album |
| Collection: |
Les p'tites poules |
| Sujets: | |
| Étiquettes: |
Ajouter
Pas de Tags !
|
| LEADER | 00743nam0a2200217 450 | ||
|---|---|---|---|
| 001 | 16846191 | ||
| 010 | |a 978-2-266-29412-6 |b rel. |d 10,7 | ||
| 100 | |a 20191003d2019 u u0frey01 ba | ||
| 101 | 0 | |a fre | |
| 102 | |a FR | ||
| 200 | 0 | |a p'tites poules et l'oeuf de l'empereur (Les) |f Christian Jolibois |g [illustré par] Christian Heinrich | |
| 207 | 1 | |a | |
| 210 | |a Paris |c PKJ |d 2019 | ||
| 215 | |a 1 vol. (45 p.) |c ill. en coul. |d 30 cm | ||
| 225 | 1 | |a Les p'tites poules | |
| 461 | 0 | |t Les p'tites poules | |
| 700 | 0 | |a Jolibois |b Christian |f 1954-.... |4 70 | |
| 702 | 0 | |a Heinrich |b Christian |f 1965-.... |4 440 | |
| 900 | |a Album | ||
| 901 | |a Accessible au prêt | ||
| 995 | |a Bibliothèque |c Bibliothèque |f 024025084 |h 024025084 |k A JOL |o p |q j |r az |e Bibliothèque | ||
